Cómo era Jesucristo : traducción del capítulo IV de la vida de N.S. Jesucristo /

Uloženo v:
Podrobná bibliografie
Hlavní autor: Fillion, Louis-Claude (autor)
Médium: Kniha
Jazyk:španělština
Vydáno: Bilbao, España : El Mensajero del Corazón de Jesús, 1927
Tagy: Přidat tag
Žádné tagy, Buďte první, kdo vytvoří štítek k tomuto záznamu!

MARC

LEADER 00000nam^a2200000^a^4500
001 000578492
005 20250521000000.0
009 20260310132510.155
037 |a Acervo Xavier Clavigero 
041 |a ESP 
091 |a FIP. 01226 
100 |a Fillion, Louis-Claude  |e (autor) 
245 1 0 |a Cómo era Jesucristo :  |b traducción del capítulo IV de la vida de N.S. Jesucristo / 
264 1 |a Bilbao, España :  |b El Mensajero del Corazón de Jesús,  |c 1927 
300 |a 64 p. 
336 |a texto  |b txt  |2 rdacontenido 
337 |a sin mediación  |b n  |2 rdamedio 
338 |a volumen  |b nc  |2 rdasoporte 
649 |a XX 
910 |a Fondo Manuel Ignacio Pérez Alonso S.J. 
920 |a Impresos - Libros 
930 |a Fondos Especiales 
905 |a 140 
901 |a 0500405346  |b IT2  |c ESP  |i D  |u 20250521 
902 |a https://opac.biblio.iteso.mx/vufind/Record/000578492